000
00238nam a2200097Ia 4500
001
1250625
005
20251031150859.0
008
251031s9999 xx 000 0 und d
245
0
_c
METE YARAR
_a
D-2 OYUNUN SONU
260
_b
DESTEK YAYINLARI
999
_c
1250625
_d
1250625